000 00544nam a2200217Ia 4500
003 OSt
005 20221005121325.0
006 a|||||r|||| 00| 0
007 ta
008 221004b |||||||| |||| 00| 0 snd d
024 _a7109
037 _cTextual
040 _aCRL
_cCRL
_bsnd
041 _2snd
_asnd
082 _aQ8441wJ95, 1593K6
100 _aHarbansh Singh
_9630398
245 0 _aGuru Gobind Singh
260 _c1966
942 _hQ8441wJ95, 1593K6
_cTEXL
_2cc
999 _c1040773
_d1040773